[Event "Sunway Sitges Open 2019"]
[Site "Sitges ESP"]
[Date "2019.12.15"]
[Round "3.1"]
[White "Sindarov, Javokhir"]
[Black "Korobov, Anton"]
[Result "0-1"]
[WhiteTitle "GM"]
[BlackTitle "GM"]
[WhiteElo "2526"]
[BlackElo "2668"]
[WhiteFideId "14205483"]
[BlackFideId "14105730"]
[EventDate "2019.12.13"]

1. e4 c5 2. Nf3 d6 3. d4 cxd4 4. Nxd4 Nf6 5. Nc3 a6 6. a3 Nc6 7. Bc4 e6 8. O-O
Be7 9. Ba2 O-O 10. Be3 Nxd4 11. Bxd4 b5 12. Qd3 Bb7 13. f4 Rc8 14. Rae1 g6 15.
Kh1 Qd7 16. f5 gxf5 17. Nd5 Bxd5 18. Bxf6 Bxf6 19. exd5 exd5 20. Rxf5 Bxb2 21.
Ref1 Kh8 22. Rxd5 Qe7 23. Rxd6 Rcd8 24. Rd5 f6 25. c4 Rxd5 26. Qxd5 Qe2 27. Qd1
Qxd1 28. Rxd1 Bxa3 29. cxb5 axb5 30. g3 Re8 31. Bb3 Re3 32. Bc2 Be7 33. Bf5 b4
34. Rd3 Re5 35. Bg4 Kg7 36. Kg2 f5 37. Bd1 Kf6 38. Kf3 Bc5 39. g4 fxg4+ 40. Kxg4
Re4+ 41. Kf3 Ke5 42. Kg2 Re1 43. Kf3 Rf1+ 44. Kg4 Bd4 45. Kh5 Rf7 46. Rf3 Rc7
47. Rf8 Ke4 48. Rb8 Bc3 49. h4 Bd2 50. Kg4 Kd3 51. Bb3 Rd7 52. Be6 Rd4+ 53. Kh3
Kc3 54. h5 h6 55. Rb7 Rd6 56. Bf7 Rf6 57. Kg4 Bf4 58. Bd5 Bg5 59. Bf7 Rf4+ 60.
Kg3 Kd2 61. Bg6 Ke3 62. Rf7 Bh4+ 63. Kh3 Bf6 64. Rd7 b3 65. Rd3+ Kf2 66. Rd2+
Ke1 67. Rd7 b2 68. Rd5 Rb4 69. Bb1 Ke2 70. Kg3 Bc3 71. Rd7 Be1+ 72. Kg2 Rg4+ 73.
Kh3 Rh4+ 74. Kg2 Rxh5 75. Rb7 Bc3 76. Rb6 Rg5+ 77. Kh3 Kf3 78. Rxh6 Rg1 79. Kh2
Rxb1 80. Rh3+ Kf2 81. Rxc3 Rh1+ 0-1

[Event "Sunway Sitges Open 2019"]
[Site "Sitges ESP"]
[Date "2019.12.15"]
[Round "3.2"]
[White "Aroshidze, Levan"]
[Black "Sasikiran, Krishnan"]
[Result "1-0"]
[WhiteTitle "GM"]
[BlackTitle "GM"]
[WhiteElo "2514"]
[BlackElo "2656"]
[WhiteFideId "13601865"]
[BlackFideId "5004985"]
[EventDate "2019.12.13"]

1. e4 c6 2. d4 d5 3. e5 Bf5 4. Nf3 e6 5. Be2 Nd7 6. O-O h6 7. Nbd2 Ne7 8. Nb3 g5
9. a4 Bg7 10. a5 O-O 11. h4 g4 12. Ne1 f6 13. exf6 Nxf6 14. Nd3 h5 15. Nf4 Ng6
16. Nxg6 Bxg6 17. Bg5 Qd6 18. Nc5 e5 19. Nxb7 Qe7 20. Nc5 exd4 21. Bd3 Bxd3 22.
Nxd3 Qe8 23. Bxf6 Rxf6 24. Qd2 Rf5 25. Rae1 Qf8 26. b4 Qf6 27. Qe2 Kf7 28. Nc5
Kg6 29. Qd3 Kh7 30. Re6 Qf7 31. Rfe1 Kh8 32. Re7 Qg6 33. R1e6 Bf6 34. Nd7 Rg8
35. Rxc6 g3 36. fxg3 1-0

[Event "Sunway Sitges Open 2019"]
[Site "Sitges ESP"]
[Date "2019.12.15"]
[Round "3.3"]
[White "Lagarde, Maxime"]
[Black "Bjerre, Jonas Buhl"]
[Result "1-0"]
[WhiteTitle "GM"]
[BlackTitle "IM"]
[WhiteElo "2655"]
[BlackElo "2526"]
[WhiteFideId "662399"]
[BlackFideId "1444948"]
[EventDate "2019.12.13"]

1. e4 c5 2. Nf3 d6 3. d4 cxd4 4. Nxd4 Nf6 5. Nc3 a6 6. h3 e5 7. Nb3 Be6 8. f4 g6
9. Be2 Nbd7 10. g4 exf4 11. g5 Ng8 12. Bxf4 h6 13. Qd4 Rh7 14. O-O-O hxg5 15.
Bxd6 Bxd6 16. Qxd6 Qb8 17. Qb4 Ne7 18. Kb1 Nc6 19. Qa3 Nce5 20. Nd5 Bxd5 21.
exd5 Qa7 22. c4 Rc8 23. Rhe1 Kd8 24. Bg4 f5 25. Rxe5 Nxe5 26. Qd6+ Nd7 27. Qxg6
fxg4 28. Qxh7 Qe3 29. d6 Qe8 30. Na5 Rb8 31. hxg4 1-0

[Event "Sunway Sitges Open 2019"]
[Site "Sitges ESP"]
[Date "2019.12.15"]
[Round "3.5"]
[White "Sadhwani, Raunak"]
[Black "Donchenko, Alexander"]
[Result "0-1"]
[WhiteTitle "IM"]
[BlackTitle "GM"]
[WhiteElo "2507"]
[BlackElo "2644"]
[WhiteFideId "35093487"]
[BlackFideId "24603295"]
[EventDate "2019.12.13"]

1. e4 c5 2. Nf3 d6 3. d4 cxd4 4. Nxd4 Nf6 5. Nc3 a6 6. Bd3 g6 7. f3 Qb6 8. a3
Nc6 9. Nxc6 bxc6 10. Na4 Qc7 11. b3 Bg7 12. Bb2 O-O 13. Qe2 Nd7 14. Bxg7 Kxg7
15. Qd2 d5 16. O-O-O Qd6 17. Kb2 Nf6 18. Rhe1 e5 19. Qb4 Qe6 20. Nc5 Qe7 21.
exd5 cxd5 22. Nxa6 Qa7 23. Nc5 Bf5 24. Rxe5 Rfb8 25. Qd4 Qxa3+ 26. Kb1 Ra5 27.
Rxf5 gxf5 28. Nd7 Qa2+ 29. Kc1 Qa1+ 30. Qxa1 Rxa1+ 31. Kb2 Rxd1 32. Nxb8 Rd2 33.
b4 Kf8 34. b5 Ke7 35. g3 f4 36. gxf4 Rxh2 37. Nc6+ Kd6 38. Ne5 Rh4 39. Nxf7+ Ke7
40. Ne5 Ke6 41. Ng4 h5 42. Nxf6 Kxf6 43. b6 Rxf4 44. c4 Ke7 45. c5 h4 46. Kc2 h3
47. c6 Kd6 48. c7 Rf8 0-1

[Event "Sunway Sitges Open 2019"]
[Site "Sitges ESP"]
[Date "2019.12.15"]
[Round "3.6"]
[White "Sethuraman, S.P."]
[Black "Saduakassova, Dinara"]
[Result "1-0"]
[WhiteTitle "GM"]
[BlackTitle "IM"]
[WhiteElo "2638"]
[BlackElo "2505"]
[WhiteFideId "5021596"]
[BlackFideId "13700090"]
[EventDate "2019.12.13"]

1. e4 e5 2. Nf3 Nc6 3. Bb5 a6 4. Ba4 Nf6 5. O-O Nxe4 6. d4 b5 7. Bb3 d5 8. dxe5
Be6 9. Nbd2 Nc5 10. c3 Be7 11. Bc2 d4 12. Nb3 d3 13. Bb1 Nxb3 14. axb3 Bf5 15.
Re1 O-O 16. Be3 Qd5 17. Bd4 Rfd8 18. h4 Nxd4 19. Nxd4 d2 20. Bxf5 dxe1=Q+ 21.
Qxe1 Kf8 22. Rd1 Qc5 23. Bxh7 Bxh4 24. Qe4 Be7 25. Rd3 Qd5 26. Qf4 g5 27. Qh2
Bc5 28. Qh6+ Ke8 29. Nc6 Qxd3 30. Bxd3 Rxd3 31. e6 Rd1+ 32. Kh2 Bd6+ 33. g3 1-0

[Event "Sunway Sitges Open 2019"]
[Site "Sitges ESP"]
[Date "2019.12.15"]
[Round "3.7"]
[White "Krzyzanowski, Marcin"]
[Black "Tabatabaei, M.amin"]
[Result "0-1"]
[WhiteTitle "IM"]
[BlackTitle "GM"]
[WhiteElo "2506"]
[BlackElo "2635"]
[WhiteFideId "1132199"]
[BlackFideId "12521213"]
[EventDate "2019.12.13"]

1. c4 e5 2. g3 c6 3. Bg2 d5 4. cxd5 cxd5 5. d4 e4 6. Nc3 Nc6 7. Nh3 f5 8. O-O
Be7 9. Nf4 Nf6 10. Qb3 Na5 11. Qa4+ Nc6 12. Qb3 Na5 13. Qa4+ Kf7 14. f3 a6 15.
Nfxd5 Nxd5 16. fxe4 Nxc3 17. bxc3 Bd7 18. Qd1 Re8 19. exf5 Bb5 20. Rf2 Rc8 21.
a4 Bc4 22. Rb1 Bg5 23. e4 Bxc1 24. Rxc1 Qg5 25. Rf4 Rcd8 26. Rb1 b5 27. axb5
axb5 28. Qc2 Kg8 29. e5 Kh8 30. Be4 Rc8 31. Qf2 Rf8 32. Re1 Bg8 33. f6 gxf6 34.
exf6 Rc7 35. Rf5 Qh6 36. Rf1 Nc4 37. g4 Nd6 38. Re5 Nxe4 39. Rxe4 Rxc3 40. Rf4
Bf7 41. Qb2 Qh3 42. Qxb5 Rc2 43. R1f2 Rc1+ 44. Rf1 Bc4 0-1

[Event "Sunway Sitges Open 2019"]
[Site "Sitges ESP"]
[Date "2019.12.15"]
[Round "3.8"]
[White "Vocaturo, Daniele"]
[Black "Larino Nieto, David"]
[Result "1-0"]
[WhiteTitle "GM"]
[BlackTitle "GM"]
[WhiteElo "2627"]
[BlackElo "2475"]
[WhiteFideId "813192"]
[BlackFideId "2256444"]
[EventDate "2019.12.13"]

1. e4 c6 2. d4 d5 3. exd5 cxd5 4. Bd3 Nc6 5. c3 Nf6 6. Bf4 h6 7. Nd2 g5 8. Bg3
Bg7 9. h4 Bg4 10. Qb3 Nh5 11. Bh2 Qd7 12. f3 Be6 13. g4 Nf4 14. Bxf4 gxf4 15.
Ne2 Qc7 16. Qc2 O-O-O 17. Nb3 Kb8 18. Bf5 Bxf5 19. Qxf5 e5 20. O-O-O Rhe8 21.
Kb1 a5 22. a4 Qb6 23. Qc2 f6 24. Nbc1 Qa6 25. Rd2 Ne7 26. Rhd1 Rc8 27. Nb3 b6
28. Qh7 Rg8 29. g5 hxg5 30. hxg5 e4 31. Nxf4 fxg5 32. Ne6 e3 33. Rc2 Ka8 34. Re1
Qb7 35. Nxg7 Nc6 36. Qf5 Rxg7 37. Rxe3 Nb8 38. Rce2 Rd7 39. Qxg5 Qc6 40. Re6
Qxa4 41. Rxb6 Qc4 42. Re7 Rcc7 43. Rxd7 Nxd7 44. Qd8+ Ka7 45. Rb5 a4 46. Nc5
Qf1+ 47. Ka2 Qc4+ 48. Ka3 Rxc5 49. Qa5# 1-0

[Event "Sunway Sitges Open 2019"]
[Site "Sitges ESP"]
[Date "2019.12.15"]
[Round "3.9"]
[White "Barseghyan, Harutyun"]
[Black "Narayanan, S.L."]
[Result "0-1"]
[WhiteTitle "IM"]
[BlackTitle "GM"]
[WhiteElo "2498"]
[BlackElo "2626"]
[WhiteFideId "13304585"]
[BlackFideId "5058422"]
[EventDate "2019.12.13"]

1. d4 Nf6 2. c4 g6 3. Nc3 d5 4. Bf4 Bg7 5. e3 c5 6. dxc5 Qa5 7. Rc1 O-O 8. cxd5
Nbd7 9. Bc4 Nxc5 10. a3 b5 11. Ba2 b4 12. axb4 Qxb4 13. Ne2 Bf5 14. O-O Nd3 15.
Ra1 Nxf4 16. Nxf4 Qxb2 17. Nce2 Nh5 18. Nxh5 Qxa1 19. Qa4 Qb2 20. Nxg7 Bd3 21.
d6 Qxe2 22. Ra1 e5 23. Bd5 Rad8 24. Bf3 Qb2 25. Rd1 e4 0-1

[Event "Sunway Sitges Open 2019"]
[Site "Sitges ESP"]
[Date "2019.12.15"]
[Round "3.10"]
[White "Heimann, Andreas"]
[Black "Yankelevich, Lev"]
[Result "0-1"]
[WhiteTitle "GM"]
[BlackTitle "IM"]
[WhiteElo "2617"]
[BlackElo "2472"]
[WhiteFideId "24624632"]
[BlackFideId "24684074"]
[EventDate "2019.12.13"]

1. d4 Nf6 2. c4 d6 3. Nc3 e5 4. Nf3 Nbd7 5. e4 g6 6. Be3 Ng4 7. Bg5 Be7 8. Bxe7
Qxe7 9. Qd2 Ngf6 10. O-O-O O-O 11. h4 c6 12. Qg5 Re8 13. h5 exd4 14. Nxd4 Qe5
15. Nf5 Nc5 16. hxg6 fxg6 17. f3 Bxf5 18. exf5 Ne6 19. Qh6 Qxf5 20. Ne4 Re7 21.
Bd3 Nxe4 22. Bxe4 Qg5+ 23. Qxg5 Nxg5 24. Bc2 Nf7 25. f4 Re2 26. g3 Kg7 27. f5
Rae8 28. Rh4 Re1 29. fxg6 Rxd1+ 30. Kxd1 hxg6 31. Rg4 Ne5 32. Re4 c5 33. Bd3 Rh8
34. Be2 g5 35. Re3 Rh1+ 36. Kd2 Rh2 37. Ke1 Nc6 38. Bf3 Nd4 39. Kf1 Nxf3 40.
Rxf3 Rxb2 41. Rd3 Rxa2 42. Rxd6 b6 0-1

[Event "Sunway Sitges Open 2019"]
[Site "Sitges ESP"]
[Date "2019.12.15"]
[Round "3.11"]
[White "Firat, Burak"]
[Black "Karthikeyan, Murali"]
[Result "1/2-1/2"]
[WhiteTitle "GM"]
[BlackTitle "GM"]
[WhiteElo "2475"]
[BlackElo "2611"]
[WhiteFideId "6305881"]
[BlackFideId "5074452"]
[EventDate "2019.12.13"]

1. e4 c5 2. Nf3 Nc6 3. d4 cxd4 4. Nxd4 Nf6 5. Nc3 e5 6. Ndb5 d6 7. Bg5 a6 8. Na3
b5 9. Nd5 Be7 10. Bxf6 Bxf6 11. c4 b4 12. Nc2 O-O 13. g3 Rb8 14. b3 Be6 15.
Nxf6+ Qxf6 16. Bg2 Rfd8 17. O-O Qe7 18. f4 f6 19. f5 Bf7 20. g4 a5 21. Kh1 g5
22. fxg6 hxg6 23. Rf3 Kg7 24. Qd2 Be6 25. Raf1 Bxg4 26. Rxf6 Qxf6 27. Rxf6 Kxf6
28. h4 Be6 29. Qg5+ Kf7 30. Ne3 Ne7 31. Nd5 Nxd5 32. cxd5 Bd7 33. h5 Rg8 34. Bf3
Rbe8 35. hxg6+ Kg7 36. Bg4 Bxg4 37. Qxg4 Rd8 38. Qe6 Kh6 39. Qf6 Rgf8 40. Qh4+
Kxg6 41. Qg4+ Kh6 1/2-1/2

[Event "Sunway Sitges Open 2019"]
[Site "Sitges ESP"]
[Date "2019.12.15"]
[Round "3.12"]
[White "Salgado Lopez, Ivan"]
[Black "Song, Raymond"]
[Result "0-1"]
[WhiteTitle "GM"]
[BlackTitle "IM"]
[WhiteElo "2605"]
[BlackElo "2468"]
[WhiteFideId "2257327"]
[BlackFideId "3203824"]
[EventDate "2019.12.13"]

1. e4 c5 2. Nf3 e6 3. d4 cxd4 4. Nxd4 Nc6 5. Nc3 Qc7 6. f4 a6 7. Nxc6 bxc6 8.
Bd3 d5 9. Qe2 Nf6 10. O-O Be7 11. Bd2 O-O 12. Rae1 Re8 13. Kh1 Bf8 14. e5 Nd7
15. Na4 Nc5 16. Nxc5 Bxc5 17. c4 a5 18. Rc1 Qb6 19. Rf3 g6 20. cxd5 cxd5 21. Bb5
Rd8 22. f5 exf5 23. Bg5 Be6 24. Bc6 Qxc6 25. Bxd8 Rxd8 26. Rfc3 Qa4 27. Rxc5
Qxa2 28. Qb5 d4 29. Qxa5 Qxa5 30. Rxa5 d3 31. Rd1 d2 32. Ra6 Bb3 33. Rd6 Rc8 34.
R6xd2 Bxd1 35. Rxd1 Rb8 36. Rb1 Rb3 37. Kg1 Kf8 38. Kf2 Ke7 39. Ke2 Ke6 40. Kd2
Kxe5 41. Kc2 Rb7 42. b4 Kd4 43. Kb3 f4 44. Rc1 g5 45. Ka4 g4 46. b5 f3 47. gxf3
gxf3 48. Ka5 f2 49. b6 Re7 0-1

[Event "Sunway Sitges Open 2019"]
[Site "Sitges ESP"]
[Date "2019.12.15"]
[Round "3.13"]
[White "Diaz Camallonga, Carles"]
[Black "Gareyev, Timur"]
[Result "1/2-1/2"]
[WhiteTitle "IM"]
[BlackTitle "GM"]
[WhiteElo "2468"]
[BlackElo "2598"]
[WhiteFideId "22235256"]
[BlackFideId "14200937"]
[EventDate "2019.12.13"]

1. e4 e5 2. Nf3 Nc6 3. Bb5 a6 4. Ba4 Nf6 5. O-O Be7 6. d3 d6 7. c3 O-O 8. Re1
Nd7 9. d4 b5 10. Bb3 Nb6 11. dxe5 Nxe5 12. Nxe5 dxe5 13. Qh5 Qd6 14. Be3 c5 15.
Nd2 c4 16. Bc2 f6 17. Qe2 Be6 18. a4 Qc6 19. axb5 axb5 20. Qf1 Na4 21. Ra2 Ra6
22. Rea1 Rfa8 23. Qb1 Nc5 24. h3 Bf8 25. Rxa6 Rxa6 26. Ra2 Qa8 27. Rxa6 Qxa6 28.
Nf1 Qc6 29. Ng3 g6 30. Qd1 Be7 31. Qa1 Na4 32. Ne2 Bf8 33. Qc1 Nc5 34. Qb1 Bf7
35. Ng3 h5 36. Ne2 Qb7 37. Nc1 Qa8 38. Qa2 Qc6 39. Qb1 Kg7 40. Ne2 Be7 41. Ng3
Qd7 42. Qa1 Be6 43. Kh2 Nd3 44. Qb1 h4 45. Nh1 f5 46. f3 f4 47. Bg1 b4 48. cxb4
Bxb4 49. Nf2 Ne1 50. Qc1 Qd2 51. Qxd2 Bxd2 52. Bb1 Bd7 53. Ng4 Bxg4 54. hxg4 Be3
55. Ba2 h3 56. Bxc4 hxg2 57. Be2 Kf6 58. b4 g5 59. Bxe3 fxe3 60. b5 Ke7 61. Kg1
Kd6 62. Kh2 Kc5 63. Kg1 Kd6 64. Kh2 Kd7 65. Kg1 Kc7 66. Kh2 Kb6 67. Kg1 Kc5 68.
Kh2 Kb6 69. Kg1 Ka5 70. Kh2 Nc2 71. Kxg2 Nd4 72. Kf1 Kb6 73. Ke1 Kc5 74. Kd1 Ne6
75. Kc2 Nf4 76. Kd1 Ne6 77. Kc2 Nd4+ 78. Kd1 Kb6 79. Ke1 Kc7 80. Kd1 Kb7 81. Ke1
Kb6 82. Kd1 Kc5 83. Ke1 Ne6 84. Kd1 Nd4 85. Ke1 Ne6 86. Kd1 Nd4 1/2-1/2

[Event "Sunway Sitges Open 2019"]
[Site "Sitges ESP"]
[Date "2019.12.15"]
[Round "3.14"]
[White "Praggnanandhaa, R"]
[Black "Kjartansson, Gudmundur"]
[Result "1-0"]
[WhiteTitle "GM"]
[BlackTitle "IM"]
[WhiteElo "2586"]
[BlackElo "2448"]
[WhiteFideId "25059530"]
[BlackFideId "2301318"]
[EventDate "2019.12.13"]

1. Nf3 d5 2. g3 g6 3. c4 dxc4 4. Na3 Bg7 5. Nxc4 Nc6 6. d3 e5 7. Bd2 b5 8. Ne3
Nge7 9. Bg2 Rb8 10. O-O O-O 11. Rc1 h6 12. Rc5 Qd6 13. Qc2 Be6 14. Rc1 Rb6 15.
b4 Ra6 16. a4 Nd4 17. Nxd4 exd4 18. Nf1 Rxa4 19. Bf4 Qa6 20. Rxc7 Nd5 21. Rc6
Qb7 22. Qc5 Nxf4 23. gxf4 Qb8 24. Rc7 Rd8 25. f5 Bxf5 26. Bd5 Rxd5 27. Qxd5 1-0

[Event "Sunway Sitges Open 2019"]
[Site "Sitges ESP"]
[Date "2019.12.15"]
[Round "3.15"]
[White "Janik, Igor"]
[Black "Wagner, Dennis"]
[Result "1/2-1/2"]
[WhiteTitle "IM"]
[BlackTitle "GM"]
[WhiteElo "2466"]
[BlackElo "2578"]
[WhiteFideId "1159259"]
[BlackFideId "24650684"]
[EventDate "2019.12.13"]

1. e4 e5 2. Nf3 Nc6 3. Bc4 Bc5 4. c3 Nf6 5. d4 exd4 6. e5 d5 7. Bb5 Ne4 8. cxd4
Bb6 9. Nc3 O-O 10. Be3 Bg4 11. h3 Bh5 12. Qc2 Nxc3 13. bxc3 f6 14. exf6 Qxf6 15.
Be2 Bg6 16. Bd3 Bxd3 17. Qxd3 Na5 18. Ne5 Nc6 19. Nf3 Na5 20. Ne5 Nc6 21. Nf3 1/2-1/2

[Event "Sunway Sitges Open 2019"]
[Site "Sitges ESP"]
[Date "2019.12.15"]
[Round "3.20"]
[White "Shevchenko, Kirill"]
[Black "Esplugas Esteve, Vicenc"]
[Result "1-0"]
[WhiteTitle "GM"]
[BlackTitle "FM"]
[WhiteElo "2547"]
[BlackElo "2366"]
[WhiteFideId "14129574"]
[BlackFideId "22200789"]
[EventDate "2019.12.13"]

1. e4 e6 2. d4 d5 3. Nc3 Nf6 4. e5 Nfd7 5. f4 c5 6. Nf3 Nc6 7. Be3 Be7 8. Qd2
O-O 9. dxc5 Qa5 10. O-O-O b6 11. Bb5 Nb4 12. a3 bxc5 13. Kb1 Rb8 14. axb4 cxb4
15. Nxd5 exd5 16. Bxd7 Bxd7 17. Qxd5 Qxd5 18. Rxd5 Bc6 19. Ra5 Rfc8 20. Rc1 Be4
21. Nd2 Bxg2 22. Rxa7 Bf8 23. Ra5 Rc6 24. Rg1 Bh3 25. Nb3 Rd8 26. Kc1 Rc4 27.
Rd1 Rdc8 28. Nd4 Bc5 29. Rd2 h5 30. Bf2 Bg2 31. Nf5 Rxf4 32. Rxc5 1-0

[Event "Sunway Sitges Open 2019"]
[Site "Sitges ESP"]
[Date "2019.12.15"]
[Round "3.22"]
[White "Risting, Eivind Olav"]
[Black "Li, Di"]
[Result "0-1"]
[WhiteTitle "FM"]
[BlackTitle "GM"]
[WhiteElo "2307"]
[BlackElo "2543"]
[WhiteFideId "1517333"]
[BlackFideId "8607508"]
[EventDate "2019.12.13"]

1. d4 d5 2. c4 c6 3. Nc3 Nf6 4. e3 a6 5. Nf3 Bf5 6. Qb3 Ra7 7. Nh4 Bc8 8. Qc2 b5
9. b3 Nbd7 10. Nf3 e6 11. Bd3 Be7 12. O-O dxc4 13. bxc4 bxc4 14. Bxc4 c5 15. Rd1
Bb7 16. d5 exd5 17. Nxd5 Nxd5 18. Bxd5 Bxd5 19. Rxd5 Qa8 20. e4 O-O 21. Bb2 Nb6
22. Rh5 Qc6 23. Qc3 Qg6 24. Rf5 Na4 25. Qc2 Nxb2 26. Qxb2 Qe6 27. Qc2 Rd7 28.
Re1 Rfd8 29. h3 Bf8 30. Ng5 Qg6 31. Nf3 Rb7 32. Rb1 Rc7 33. Re1 h6 34. Qc4 Qe6
35. Rd5 Rb7 36. Qd3 Rbd7 37. Rd1 Rd6 38. Qc4 Rb6 39. Qc2 Rdb8 40. e5 Rb2 41. Qa4
Rb1 42. Rd2 Rxd1+ 43. Rxd1 Be7 44. Qa5 Rb7 45. Qd2 Bf8 46. Qe2 Rb8 47. Qc2 g6
48. Qe2 Kg7 49. Qc2 Be7 50. Qa4 Kf8 51. Qf4 Kg7 52. Qa4 Rb7 53. Qa5 Kh7 54. Qa4
Rb5 55. Qc2 Rb4 56. Rd2 Kg7 57. Rd1 Kg8 58. Qd2 Kh7 59. Qc2 Kg7 60. Rd2 a5 61.
Qc3 Kh7 62. Qc2 a4 63. Qc3 Rb1+ 64. Kh2 Rb7 65. Kg1 Rb4 66. Kh1 Qf5 67. Re2 Rb1+
68. Re1 Qe4 69. Kh2 Rxe1 70. Qxe1 Qf4+ 71. Kg1 Qc4 72. Qd2 a3 73. Qd7 Bf8 74.
Qd2 Qe4 75. h4 Kg8 76. Kh2 c4 77. Kg1 Qb1+ 78. Qe1 Qf5 79. Qc3 Qb1+ 80. Qe1 Qxa2
81. e6 Qb2 82. exf7+ Kg7 83. Qe4 a2 84. h5 Qb1+ 0-1

[Event "Sunway Sitges Open 2019"]
[Site "Sitges ESP"]
[Date "2019.12.15"]
[Round "3.26"]
[White "Parvanyan, Ashot"]
[Black "Ivanchuk, Vassily"]
[Result "1/2-1/2"]
[WhiteTitle "IM"]
[BlackTitle "GM"]
[WhiteElo "2456"]
[BlackElo "2690"]
[WhiteFideId "13307550"]
[BlackFideId "14100010"]
[EventDate "2019.12.13"]

1. Nf3 g6 2. c4 Bg7 3. e4 e5 4. d4 exd4 5. Nxd4 Nf6 6. Bd3 Nc6 7. Nxc6 dxc6 8.
O-O Bg4 9. Qc2 Nd7 10. Re1 Qh4 11. Bf1 O-O-O 12. Be3 Be5 13. g3 Qf6 14. Nd2 Bxb2
15. Rab1 Bd4 16. Bxd4 Qxd4 17. Nb3 Qd6 18. c5 Qe7 19. h3 Be6 20. Rec1 Qf6 21.
Be2 h5 22. Na5 h4 23. Nxc6 hxg3 24. Nxa7+ Kb8 25. Nc6+ Kc8 26. Na7+ Kb8 27. Nc6+
Kc8 28. Na7+ 1/2-1/2

[Event "Sunway Sitges Open 2019"]
[Site "Sitges ESP"]
[Date "2019.12.15"]
[Round "3.27"]
[White "Melkumyan, Hrant"]
[Black "Bharath, Subramaniyam H"]
[Result "1-0"]
[WhiteTitle "GM"]
[BlackTitle "IM"]
[WhiteElo "2668"]
[BlackElo "2420"]
[WhiteFideId "13302485"]
[BlackFideId "46634827"]
[EventDate "2019.12.13"]

1. d4 Nf6 2. c4 e6 3. Nc3 Bb4 4. f3 c5 5. d5 b5 6. e4 O-O 7. Nh3 d6 8. Nf4 exd5
9. Nxd5 Nxd5 10. Qxd5 Qb6 11. Bf4 Be6 12. Qxd6 Qa5 13. Kf2 Rd8 14. Qc7 Rd2+ 15.
Kg3 g5 16. Bd6 Qxc7 17. Bxc7 Bxc3 18. bxc3 bxc4 19. h4 g4 20. f4 f6 21. f5 Bf7
22. h5 Nc6 23. h6 Re8 24. Re1 Ne7 25. Rb1 Nc6 26. Rh4 Rxe4 27. Bf4 Rd8 28. Rxg4+
Kh8 29. Rg7 Bg8 30. Rbb7 Rde8 31. Kf3 Ne7 32. Kxe4 Bd5+ 33. Ke3 Bxb7 34. Kf2 Bd5
35. g4 Nc6 36. Rd7 Rd8 37. Rc7 Rb8 38. Kg3 Re8 39. Bg2 Ne7 40. Rxe7 Rxe7 41.
Bxd5 Re2 42. g5 1-0

[Event "Sunway Sitges Open 2019"]
[Site "Sitges ESP"]
[Date "2019.12.15"]
[Round "3.28"]
[White "Haldorsen, Benjamin"]
[Black "Edouard, Romain"]
[Result "1-0"]
[WhiteTitle "IM"]
[BlackTitle "GM"]
[WhiteElo "2455"]
[BlackElo "2653"]
[WhiteFideId "1512633"]
[BlackFideId "633429"]
[EventDate "2019.12.13"]

1. e4 c5 2. Nc3 Nc6 3. Bb5 Nd4 4. Nf3 a6 5. Bd3 g6 6. Rb1 Nc6 7. a3 Bg7 8. O-O
d6 9. b4 Nf6 10. bxc5 dxc5 11. Re1 b5 12. Bb2 Bg4 13. Nd5 O-O 14. h3 Bxf3 15.
Qxf3 c4 16. Bf1 Nxd5 17. Bxg7 Kxg7 18. exd5 Nd4 19. Qe4 Nf5 20. d3 c3 21. Qe5+
Kg8 22. Qxc3 Qxd5 23. Qb4 Rfb8 24. c3 a5 25. Qb3 Qxb3 26. Rxb3 Rc8 27. c4 Nd4
28. Rb2 b4 29. axb4 axb4 30. Rxe7 b3 31. Rd7 Rd8 32. Rxd4 Rxd4 33. Rxb3 Ra1 34.
g3 Rd6 35. Kg2 Ra7 36. Rb8+ Kg7 37. Re8 Kf6 38. Kf3 Ra1 39. Be2 g5 40. Re4 Kg6
41. c5 Rd5 42. Rc4 Rf5+ 43. Kg2 Re5 44. Rc2 Rd5 45. c6 Ra8 46. Bf3 Rb5 47. d4 h5
48. c7 Rc8 49. Bc6 Rxc7 50. Bxb5 1-0

[Event "Sunway Sitges Open 2019"]
[Site "Sitges ESP"]
[Date "2019.12.15"]
[Round "3.29"]
[White "Sardana, Rishi"]
[Black "Petrosyan, Manuel"]
[Result "1/2-1/2"]
[WhiteTitle "IM"]
[BlackTitle "GM"]
[WhiteElo "2428"]
[BlackElo "2613"]
[WhiteFideId "25004301"]
[BlackFideId "13300857"]
[EventDate "2019.12.13"]

1. Nf3 d5 2. g3 g6 3. Bg2 Bg7 4. d4 Nd7 5. O-O Ngf6 6. a4 a5 7. b3 Ne4 8. c4 c6
9. cxd5 cxd5 10. Na3 Nd6 11. Bf4 Nf6 12. Rc1 O-O 13. Nb5 Nxb5 14. axb5 Qe8 15.
b6 Nd7 16. Bc7 Ra6 17. Qc2 Nxb6 18. Qc5 Nd7 19. Qxd5 Nf6 20. Qc5 Ne4 21. Qd5 Nf6
22. Qc5 Ne4 23. Qd5 Nf6 24. Qc5 Ne4 1/2-1/2

[Event "Sunway Sitges Open 2019"]
[Site "Sitges ESP"]
[Date "2019.12.15"]
[Round "3.30"]
[White "Nihal, Sarin"]
[Black "Kulkarni, Bhakti"]
[Result "1-0"]
[WhiteTitle "GM"]
[BlackTitle "IM"]
[WhiteElo "2612"]
[BlackElo "2418"]
[WhiteFideId "25092340"]
[BlackFideId "5019516"]
[EventDate "2019.12.13"]

1. Nf3 d5 2. e3 Nf6 3. c4 e6 4. b3 Bd6 5. Bb2 c5 6. g4 O-O 7. g5 Nfd7 8. Nc3 Nb6
9. a4 a5 10. Nb5 Nc6 11. h4 d4 12. exd4 cxd4 13. Nfxd4 Nb4 14. Nc2 Bf4 15. Nxb4
axb4 16. d4 e5 17. Bg2 Qe7 18. O-O f6 19. dxe5 fxg5 20. Qd6 Qe8 21. Qxb6 Qh5 22.
e6 Qxh4 23. Rfe1 Bh2+ 24. Kf1 Ra6 25. Qd4 Qxd4 26. Bxd4 1-0

[Event "Sunway Sitges Open 2019"]
[Site "Sitges ESP"]
[Date "2019.12.15"]
[Round "3.31"]
[White "Durarbayli, Vasif"]
[Black "Travadon, Loic"]
[Result "1-0"]
[WhiteTitle "GM"]
[BlackTitle "IM"]
[WhiteElo "2609"]
[BlackElo "2412"]
[WhiteFideId "13402935"]
[BlackFideId "26092131"]
[EventDate "2019.12.13"]

1. e4 e5 2. Nf3 d6 3. d4 exd4 4. Nxd4 Nf6 5. Nc3 Be7 6. Bf4 O-O 7. Qd2 d5 8.
Ndb5 Bb4 9. O-O-O c6 10. Nc7 Nxe4 11. Qd4 Bxc3 12. bxc3 Qe7 13. c4 Qa3+ 14. Qb2
Qa5 15. Nxa8 Nxf2 16. Be2 Nxh1 17. Rxh1 Na6 18. Bd2 Qd8 19. cxd5 Qxd5 20. Bxa6
bxa6 21. Re1 Rd8 22. Bc3 Bf5 23. Nc7 Qxg2 24. Bd4 1-0